LEADER 00871nam0-22003131i-450- 001 990003026640403321 010 $a0-520-01761-7 035 $a000302664 035 $aFED01000302664 035 $a(Aleph)000302664FED01 035 $a000302664 100 $a20000920d1971----km-y0itay50------ba 101 0 $aita 102 $aIT 200 1 $aChina and Africa$e1949-1970$ethe Foreign Policy of the People's Republic of China$fBruce D. Larkin. 210 $aBerkeley$cUniversity of California Press$d1971. 215 $aXIII, 268 p.$d23 cm 610 0 $aCina e Africa 676 $aF/1.321 676 $aO/1.35 702 1$aLarkin,$bBruce D. 801 0$aIT$bUNINA$gRICA$2UNIMARC 901 $aBK 912 $a990003026640403321 952 $aF/1.321 LAR/71$b3789/I$fSES 959 $aSES 996 $aChina and Africa$9463823 997 $aUNINA DB $aING01 LEADER 01005nam a2200253 i 4500 001 991003163769707536 008 040712s2002 it b 000 0 ita d 035 $ab13033463-39ule_inst 040 $aDip.to Matematica$beng 082 0 $a519.2 084 $aAMS 60F99 084 $aAMS 60A10 100 1 $aMartano, Addolorata$0488471 245 10$aEstensioni dei lemmi di Borel-Cantelli. Tesi di laurea /$claureanda Addolorata Martano ; relat. Carlo Sempi 260 $aLecce :$bUniversità degli Studi. Facoltà di Scienze. Corso di laurea in Matematica,$ca.a. 2002-03 300 $a48 p. ;$c30 cm 650 4$aLimit theorems 700 1 $asempi, Carlo 907 $a.b13033463$b02-04-14$c13-07-04 912 $a991003163769707536 945 $aLE013 TES 2002/03 MAR2$g1$i2013000146478$lle013$og$pE13.00$q-$rn$s- $t1$u0$v0$w0$x0$y.i13650300$z13-07-04 996 $aEstensioni dei lemmi di Borel-Cantelli. Tesi di laurea$9287895 997 $aUNISALENTO 998 $ale013$b13-07-04$cm$da $e-$fita$git $h0$i0